zpět

Detail výsledku týmu

Klub Tyjátr, Svitavy

Datum a čas kvízu

31 Celkem bodů Celkový počet nahraných bodů na tomto kvízu bez doplňovacích otázek.
3. Pořadí na kvízu Konečné umístění týmu na tomto kvízu.

Zaznamenané odpovědi

# Otázka Odpověď Body Výsledky
1. Starosta jedné městské části T... v Brně 1
2. Koncem týdne jsme se dozvěděli... Skype 1
3. Na jezeře v Mostě padl minulý... C) otužovaly se 1
4. V úterý sjel z výrobní linky p... 815 0
5. Jeden známý fotbalista dostal... Lionel Messi 1
6. Které souostroví se v češtině... Kapverdy 0
7. V jistém městě v Královéhradec... Červený Kostelec 1
8. Která známá historická osobnos... Adolf Hitler 1
9. Na území kterého státu USA lež... Wyomingu 1
10. Jak se nazývá německé pohoří,... Černý les (Schwarzwald) 1